Reverzní aukční systém snižuje náklady nákupu

Reverzný aukčný systém ako potenciálna forma výberového konania. Výber komodity a špecifikácia položiek. Metódy pri výbere potenciálnych dodávateľov - internet, globálna databáza a elektronická komunikácia. Zadávacie kolo a prvotná selekcia vhodných dodávateľov. Aukčné kolo a osobný kontakt zadávate...

Descrizione completa

Salvato in:
Dettagli Bibliografici
Autore principale: Wojnar, Radim
Natura: Capitolo di libro
Lingua:ceco
Soggetti:
Tags: Aggiungi Tag
Nessun Tag, puoi essere il primo ad aggiungerne!!

MARC

LEADER 00000naa$a2200000$$$4500
001 0022645
005 20231106121707.7
041 0 |a cze 
044 |a CZ 
245 1 0 |a Reverzní aukční systém snižuje náklady nákupu  |c Radim Wojnar 
520 |a Reverzný aukčný systém ako potenciálna forma výberového konania. Výber komodity a špecifikácia položiek. Metódy pri výbere potenciálnych dodávateľov - internet, globálna databáza a elektronická komunikácia. Zadávacie kolo a prvotná selekcia vhodných dodávateľov. Aukčné kolo a osobný kontakt zadávateľa s potenciálnym obchodným partnerom. Vyhodnotenie aukcie. 
610 2 0 |a nákup 
610 2 0 |a náklady a ceny 
610 2 0 |a obchod 
610 2 0 |a obchod elektronický 
610 2 0 |a internet 
610 2 0 |a dodávatelia 
610 2 0 |a odberatelia 
610 2 0 |a partneri obchodní 
610 2 0 |a aukcie 
610 2 0 |a Česko 
100 1 |a Wojnar, Radim